01500 a2200181 45000010006000000050017000060080041000230030015000640400040000790800038001192450023001572640045001803000019002255051009002441000021012537000023012747000021012974793720260407155745.0260407a1971 arg spa dAR-UNSa-BCEJYS aAR-UNSa-BCEJYSbspacAR-UNSa-BCEJYS a336.74xMoneda. Sistema monetario10aTeoría Monetaria 1aBuenos Aires :bAmorrortu Editoresc1971 a232 p.c20 cm. aPRIMERA PARTE: Nuevas ideas en teoría monetaria: 1. Dinero, deuda y tasa de interés - 2. Inflación, ahorro y tasa real de interés - 3. Crecimiento, equilibrio y tasa nominal de interés - 4. Financiamiento del déficit y crecimiento - 5. Inflación, atesoramiento y estado estacionario - 6. Inflación, nivel de financiamiento y crecimiento máximo - 7. El problema de detener la inflación -- SEGUNDA PARTE: La economía mundial: 8. La teoría monetaria y el patrón oro mundial - 9. Devaluación - 10. Interacción entre áreas monetarias - 11. Políticas económicas multilaterales y modificaciones en el tipo de cambio - 12. ¿Debe Estados Unidos devaluar el dólar? - 13. Oro, dólares y papel oro - 14. Liquidez internacional e inflación - 15. Distribución internacional del dinero en una economía mundial en crecimiento - 16. La política monetaria de Europa y Estados Unidos - 17. Las ganancias de acuñación y la estructura óptima de un banco central mundial.1 aCalabuig, Alicia1 aMundell, Robert A.1 aMurúa, Ricardo